| 000 | 00627nam a2200193 a 4500 | ||
|---|---|---|---|
| 005 | 20230513063555.0 | ||
| 008 | 991125s1990 mx 000 0 spa u | ||
| 020 | _a9686382259 | ||
| 035 | _aUPN01000040903 | ||
| 049 | _aCG | ||
| 050 | 4 |
_aF1313 _bN39 |
|
| 245 | 1 | 0 |
_aNayarit : _bdel séptimo cantón al estado libre y soberano / _ccomp. José María Muriá y Pedro López González. |
| 260 |
_aMéxico : _bInstituto Mora : _bU. de G., _c1990. |
||
| 300 | _a2 v. | ||
| 651 | 7 |
_aNayarit _xHistoria _2 _924479 |
|
| 700 | 1 |
_aLópez González, Pedro, _ecomp. |
|
| 700 | 1 |
_aMuriá, José María, _d1942- _ecomp. _929570 |
|
| 905 | _aLibro | ||
| 999 |
_c40903 _d40903 |
||